Proceso de una democracia: el pensamiento político de Jorge Prat

Guardat en:
Dades bibliogràfiques
Autor principal: Arnello Romo, Mario (Autor)
Format: Llibre
Idioma:espanyol
Publicat: Santiago El Imparcial 1965
Matèries:
Etiquetes: Afegir etiqueta
Sense etiquetes, Sigues el primer a etiquetar aquest registre!

MARC

LEADER 00000nam a2200000 a 4500
001 UCP6919
003 CL-VaPUC
008 991126e19650000CL |||||||||||||||||spa|d
082 0 4 |a 324.983  |b ARN  |2 21 
100 0 |a Arnello Romo, Mario  |e author  |9 436209 
245 1 0 |a Proceso de una democracia: el pensamiento político de Jorge Prat 
300 |a 348 p 
942 |c BK 
945 |d 19991126 00:00:00  |a crobeson 
260 |a Santiago  |b El Imparcial  |c 1965 
600 0 |a Prat Echaurren, Jorge   |d 1918-1971  |9 436210 
650 7 |a CAMPAÑA ELECTORAL 1964  |2 CL-VaPUC  |9 436211 
650 7 |a PROCESO POLITICO  |2 CL-VaPUC  |9 405102 
650 0 |a Democracia  |9 255256 
650 7 |a PENSAMEINTO POLITICO  |2 CL-VaPUC  |9 436212 
650 0 |a Discursos políticos  |9 373524 
651 7 |a CHILE  |2 CL-VaPUC  |9 436213 
583 |a last modification  |c 19991126 00:00:00  |k Rodrigo Vera 
999 |c 284293  |d 284291 
952 |0 0  |1 0  |4 0  |6 324_983000000000000_ARN_1965  |7 0  |8 A  |9 328164  |a BIBHIS  |b BIBHIS  |d 2019-11-20  |i 1371363  |o 324.983 ARN 1965  |p 1371363  |r 2025-01-20  |w 2019-11-20  |y BK  |k HIS 
952 |0 0  |1 0  |4 0  |6 324_983000000000000_ARN_1965  |7 0  |8 A  |9 328165  |a BIBHIS  |b BIBHIS  |d 2019-11-20  |i 1371371  |o 324.983 ARN 1965  |p 1371371  |r 2025-01-20  |w 2019-11-20  |y BK  |k HIS